000 01132nam a22002897a 4500
005 20130102111515.0
008 121226t xxu||||| |||| 00| 0 hin d
010 _aHIN-97844
020 _c250.00
_a9789380183558
035 _aHN-70190
037 _bDBAD / PUB
040 _aDPL
_bHN
082 _a158.1
100 _927482
_aजैन, जयंती
245 _aजियो तो ऐसे जियोः
_cजयंती जैन
_bखुशहाल रहें, कामयाब बनें /
246 _aJiyo to aiso jiyo
_bby Jayanti Jain
260 _bज्ञान गंगा
_c2012
_aदिल्ली
270 _a205-सी, चावड़ी बाजार
_bदिल्ली
_e110006
300 1 _a176पृ.
_c22सेमी (सजिल्द)
650 _91170
650 _954593
700 _927483
710 _952094
711 _952444
942 _adpl
_cHN
_2ddc
_mजैनज
_h158.1
999 _c72584
_d72584